00387nam a2200109Ia 4500008004100000020002200041041001200063100006900075245008000144260003200224650002100256231221s9999 xx 000 0 und d a978-0-387-31167-8 aEnglish aPaul Dowland, Steve Furnell, Bhavani Thuraisingham, X. Sean Wang 0aSecurity Management, Integrity, and Internal Control in Information Systems c2006bSpringer USaNew York aComputer Science